000 00561nam a22001937a 4500
005 20240911124458.0
010 _aENG-140822
020 _c499.00
_a9789357319331
035 _aEN-124354
037 _bDBAD
082 _aN
100 _aRay, Arnab
_971475
245 _aThe Mine/
_cBy Arnab Ray
260 _aHachette Book Publishing India Pvt. Ltd
_b4th & 5th Floors, Corporate Centre,
_c2024
270 _bGurugram
_aPlot NO, 94, Sector 44, Gururgram;
_e122003,
300 _a278pg.
_c20cm(pb)
600 _dArnab Ray
_971476
942 _2ddc
_cEN
_hN
_mRAY
999 _c204020
_d204020